000
00291nam a22001337a 4500
008
171002b xxu||||| |||| 00| 0 eng d
020
_a
9780880484367
041
_a
eng
080
_a
159.2
100
_a
48
101
_a
EDU
245
_a
REVIEW OF PSYCHIATRY
_c
TASMAN, A
942
_2
udc
_c
BK
999
_c
31206
_d
31206